Fr. Conceicao Rodrigues College of Engineering

Gas turbines (Record no. 35906)

MARC details
000 -LEADER
fixed length control field 00261 a2200121 4500
000 - LEADER
fixed length control field nam a22 7a 4500
020 ## - INTERNATIONAL STANDARD BOOK NUMBER
International Standard Book Number 9780070681927
100 ## - MAIN ENTRY--PERSONAL NAME
Personal name Ganesan,V
9 (RLIN) 68
245 ## - TITLE STATEMENT
Title Gas turbines
250 ## - EDITION STATEMENT
Edition statement 3
260 ## - PUBLICATION, DISTRIBUTION, ETC.
Name of publisher, distributor, etc. McGraw Hill
Date of publication, distribution, etc. 2010
264 ## - PRODUCTION, PUBLICATION, DISTRIBUTION, MANUFACTURE, AND COPYRIGHT NOTICE
Name of producer, publisher, distributor, manufacturer McGraw Hill

No items available.